| 000 | 00455nam a2200169 a 4500 | ||
|---|---|---|---|
| 001 | 15564 | ||
| 005 | 20180713204253.0 | ||
| 008 | 140415s1975 000 0 spa d | ||
| 041 | _aspa | ||
| 082 |
_a307.76 _bNAS |
||
| 100 | 1 | _aNASH, GEORGE | |
| 245 | 1 | 3 | _aLA UNIVERSIDAD Y LA CIUDAD |
| 260 |
_a[s.l.] : _bEDITORES ASOCIADOS, _c1975 |
||
| 300 | _a199 | ||
| 650 | 1 | 4 |
_aSOCIOLOGIA URBANA _xUNIVERSIDADES |
| 700 | 1 |
_aESPARZA, ALFONSO _etr. |
|
| 999 |
_c15564 _d15564 |
||